Southville International School and Colleges
Your cart is empty.
  • Cart
  • Lists
    Public lists Eva Luna New books Lux_list list_1
    Your lists Log in to create your own lists
  • Log in to your account
  • Your cookies
  • Search history
Southville International School and Colleges
  • Advanced search
  • Recent comments
  • Most popular
  • Libraries

Log in to your account

Log in with GOOGLE


If you do not have an external account, but do have a local account, you can still log in:

  1. Home
  2. MARC view: Textbook on family planning :
Normal view MARC view ISBD view

Textbook on family planning : (Record no. 291604)

[ view plain ]
MARC details
000 -LEADER
fixed length control field 00752nam a2200241Ia 4500
008 - FIXED-LENGTH DATA ELEMENTS--GENERAL INFORMATION
fixed length control field 160319s9999 xx 000 0 und d
020 ## - INTERNATIONAL STANDARD BOOK NUMBER
International Standard Book Number 971-23-3003-6
050 ## - LIBRARY OF CONGRESS CALL NUMBER
Classification number FIL HQ 766
050 ## - LIBRARY OF CONGRESS CALL NUMBER
Item number .L84 2001 c.2
100 ## - MAIN ENTRY--PERSONAL NAME
Personal name Lugue, Lydia Quirolgico -
245 ## - TITLE STATEMENT
Title Textbook on family planning :
245 ## - TITLE STATEMENT
Remainder of title (with an overview on population trends, problems, and policies) /
245 ## - TITLE STATEMENT
Statement of responsibility, etc Lydia Quirologico-Lugue, Maria Fe Manguera-De Leon.
260 ## - PUBLICATION, DISTRIBUTION, ETC. (IMPRINT)
Place of publication, distribution, etc Manila:
260 ## - PUBLICATION, DISTRIBUTION, ETC. (IMPRINT)
Name of publisher, distributor, etc Rex Book Store, Inc.,
260 ## - PUBLICATION, DISTRIBUTION, ETC. (IMPRINT)
Date of publication, distribution, etc 2001
300 ## - PHYSICAL DESCRIPTION
Extent 217 pages :
300 ## - PHYSICAL DESCRIPTION
Other physical details illustrations (some color) ;
300 ## - PHYSICAL DESCRIPTION
Dimensions 22 cm.
650 ## - SUBJECT ADDED ENTRY--TOPICAL TERM
Topical term or geographic name as entry element Birth control -- Philippines.
650 ## - SUBJECT ADDED ENTRY--TOPICAL TERM
Topical term or geographic name as entry element Family planning -- Philippines.
650 ## - SUBJECT ADDED ENTRY--TOPICAL TERM
General subdivision Population -- Philippines.
Holdings
Withdrawn status Lost status Damaged status Home library Current library Shelving location Date acquired Total Checkouts Full call number Barcode Date last seen Price effective from Koha item type
      South Mansfield College South Mansfield College Filipiniana Section     FIL HQ 766 .L84 2001 c.2 SMC00123 03/19/2016 03/19/2016  

Textbook on family planning :

APA

Lugue L. Q. ., .Textbook on family planning. Manila: .

Chicago

Lugue Lydia Quirolgico, .Textbook on family planning. Manila: .

Harvard

Lugue L. Q. ., .Textbook on family planning. Manila: .

MLA

Lugue Lydia Quirolgico, .Manila: . .

  • Place hold
  • Print
  • Cite
  • Add to your cart (remove)
  • Save record
    BIBTEX Dublin Core MARCXML MARC (non-Unicode/MARC-8) MARC (Unicode/UTF-8) MARC (Unicode/UTF-8, Standard) MODS (XML) RIS
  • More searches
    Search for this title in:
    Other Libraries (WorldCat) Other Databases (Google Scholar) Online Stores (Bookfinder.com) Open Library (openlibrary.org)

Exporting to Dublin Core...

SOUTHVILLE LIBRARY

Southville International School and Colleges Library

1281 Tropical Ave. Cor. Luxembourg St., BF Homes International, Las Pinas City

Tel. No. 8256374 / 252358 Loc. 117/146

Powered by Koha